<?xml version="1.0" encoding="UTF-8"?>
<record
    xmlns:xsi="http://www.w3.org/2001/XMLSchema-instance"
    xsi:schemaLocation="http://www.loc.gov/MARC21/slim http://www.loc.gov/standards/marcxml/schema/MARC21slim.xsd"
    xmlns="http://www.loc.gov/MARC21/slim">

  <leader>01656nam a2200193Ia 4500</leader>
  <datafield tag="020" ind1=" " ind2=" ">
    <subfield code="a">9250052928</subfield>
  </datafield>
  <datafield tag="040" ind1=" " ind2=" ">
    <subfield code="c">FQG</subfield>
  </datafield>
  <datafield tag="082" ind1=" " ind2=" ">
    <subfield code="a">338 FOO 2005 A065 Or.</subfield>
  </datafield>
  <datafield tag="245" ind1="1" ind2="0">
    <subfield code="a">Report of the Fourth Intergovernmental Consultation on the Establishment of a Southwest Indian Ocean Fisheries Commission, Mahe, Seychelles, 13-16 July 2004 =</subfield>
    <subfield code="b">Rapport de la quatri&#xA9;&#xB7;me consultation intergouvernementale sur la cr&#xA9;&#x266D;ation d'une commission des p&#xA9;&#xAE;ches pour le sud-ouest de l'Oc&#xA9;&#x266D;an Indien, Mah&#xA9;&#x266D;, Seychelles, 13-16 juillet 2004</subfield>
  </datafield>
  <datafield tag="246" ind1="3" ind2="1">
    <subfield code="a">Rapport de la quatri&#xA9;&#xB7;me consultation intergouvernementale sur la cr&#xA9;&#x266D;ation d'une commission des p&#xA9;&#xAE;ches pour le sud-ouest de l'Oc&#xA9;&#x266D;an Indien</subfield>
  </datafield>
  <datafield tag="260" ind1=" " ind2=" ">
    <subfield code="a">Harare :</subfield>
    <subfield code="b">Food and Agriculture Organization of the United Nations, Subregional Office for Southern and East Africa,</subfield>
    <subfield code="c">c2005</subfield>
  </datafield>
  <datafield tag="300" ind1=" " ind2=" ">
    <subfield code="a">vi, 78 p. :</subfield>
    <subfield code="b">map ;</subfield>
    <subfield code="c">30 cm</subfield>
  </datafield>
  <datafield tag="490" ind1="1" ind2=" ">
    <subfield code="a">FAO fisheries report ;</subfield>
    <subfield code="a">FAO rapport sur les p&#xA9;&#xAE;ches ; no 776</subfield>
  </datafield>
  <datafield tag="500" ind1=" " ind2=" ">
    <subfield code="a">The Consultation was attended by delegates from ten States, the European Community, and two observer organizations. The Consultation unanimously adopted a draft Resolution and Statutes for the establishment of the South West Indian Ocean Fisheries Commission for submission to the FAO Council. The Consultation also carried out a first reading and discussion of a draft text of an instrument for the high seas. As an interim measure, until the establishment of a high seas instrument, a Resolution concerning the collection and handling of information and data was adopted</subfield>
  </datafield>
  <datafield tag="500" ind1=" " ind2=" ">
    <subfield code="a">"SAFR/R776 (Bi)."</subfield>
  </datafield>
  <datafield tag="650" ind1=" " ind2="0">
    <subfield code="a">Fishery management, International</subfield>
  </datafield>
  <datafield tag="650" ind1=" " ind2="0">
    <subfield code="a">Fisheries</subfield>
  </datafield>
  <datafield tag="942" ind1=" " ind2=" ">
    <subfield code="c">EK</subfield>
  </datafield>
  <datafield tag="999" ind1=" " ind2=" ">
    <subfield code="c">14267</subfield>
    <subfield code="d">14267</subfield>
  </datafield>
  <datafield tag="952" ind1=" " ind2=" ">
    <subfield code="0">0</subfield>
    <subfield code="1">0</subfield>
    <subfield code="4">0</subfield>
    <subfield code="6">338_000000000000000_FOO_2005_A065_OR</subfield>
    <subfield code="7">0</subfield>
    <subfield code="9">66283</subfield>
    <subfield code="a">LBA</subfield>
    <subfield code="b">LBA</subfield>
    <subfield code="c">A065</subfield>
    <subfield code="d">2017-10-11</subfield>
    <subfield code="o">338 FOO 2005 A065 Or.</subfield>
    <subfield code="p">A16630</subfield>
    <subfield code="r">2017-10-11</subfield>
    <subfield code="w">2017-10-11</subfield>
    <subfield code="y">EK</subfield>
  </datafield>
</record>
